| 000 | 00481nam a22001697a 4500 | ||
|---|---|---|---|
| 003 | SISC | ||
| 005 | 20161115164216.0 | ||
| 008 | 161115b xxu||||| |||| 00| 0 eng d | ||
| 020 | _a9781138173385 | ||
| 050 |
_aRC 394 _b.H244 2006 |
||
| 100 | _aHannell, Glynis. | ||
| 245 |
_aDyslexia : _baction plans for successful learning / _cGlynis Hannell. |
||
| 260 |
_aLondon : _bRoutledge, _c2006. |
||
| 300 |
_aiv, 124 pages ; _c27 cm. |
||
| 500 | _aIncludes appendix. | ||
| 942 |
_2lcc _cBK |
||
| 999 |
_c305274 _d305274 |
||